[Event "Titled Tuesday intern op 27th Feb Late"]
[Site "Chess.com INT"]
[Date "2024.02.27"]
[Round "10"]
[White "Jegorovas, Aleksandras"]
[Black "Llorente Zaro, Alfonso"]
[Result "1-0"]
[WhiteElo "2270"]
[BlackElo "2433"]
[PlyCount "57"]
[EventDate "2024.02.27"]
[EventType "swiss (blitz)"]
[EventRounds "11"]
[EventCountry "USA"]
[SourceTitle "CB10_2024"]
[SourceDate "2024.03.06"]
[SourceVersion "1"]
[SourceVersionDate "2024.03.06"]
[SourceQuality "1"]

1. d4 b5 2. e4 Bb7 3. Bxb5 Bxe4 4. Nf3 e6 5. Nc3 Bc6 6. Bd3 Nf6 7. 0-0 Be7 8. Re1 0-0 9. Ne5 Bb7 10. Re3 d6 11. Rh3 Nbd7 12. Nxd7 Qxd7 13. Bxh7+ Nxh7 14. Qh5 f5 15. Qxh7+ Kf7 16. Bh6 Bf6 17. Rg3 Rg8 18. Qg6+ Ke7 19. Bg5 Raf8 20. Re1 Bxg5 21. Qxg5+ Rf6 22. Ne2 e5 23. Nf4 Kf7 24. Nh5 Rh6 25. Nxg7 Rf6 26. Qh5+ Kf8 27. Qg5 Rf7 28. Ne6+ Qxe6 29. Qd8+ 1-0

[Event "Titled Tuesday intern op 27th Feb Late"]
[Site "Chess.com INT"]
[Date "2024.02.27"]
[Round "11"]
[White "Llorente Zaro, Alfonso"]
[Black "Xie, Bryan"]
[Result "1-0"]
[WhiteElo "2433"]
[BlackElo "2266"]
[PlyCount "69"]
[EventDate "2024.02.27"]
[EventType "swiss (blitz)"]
[EventRounds "11"]
[EventCountry "USA"]
[SourceTitle "CB10_2024"]
[SourceDate "2024.03.06"]
[SourceVersion "1"]
[SourceVersionDate "2024.03.06"]
[SourceQuality "1"]

1. h3 d5 2. g3 Nc6 3. Bg2 e5 4. d3 Nf6 5. e3 Bd6 6. Ne2 0-0 7. a3 a5 8. b3 Be6 9. Bb2 Re8 10. Nd2 Ne7 11. c4 c6 12. Nc3 Rb8 13. cxd5 cxd5 14. Nb5 Nc6 15. Nf3 e4 16. Nfd4 Nxd4 17. Bxd4 Be7 18. Rc1 Rc8 19. g4 Bd7 20. Rxc8 Qxc8 21. Nc3 exd3 22. Qxd3 Ne4 23. Nxe4 dxe4 24. Bxe4 Qc1+ 25. Ke2 Qxa3 26. Bxh7+ Kh8 27. Bf5 Qa2+ 28. Kf3 Bc6+ 29. e4 Bf8 30. Ra1 Bb5 31. Qxb5 Qd2 32. Qxe8 Qd3+ 33. Kg2 Kg8 34. Bc5 g6 35. Qxf8+ 1-0

[Event "Titled Tuesday intern op 09th Jan Early"]
[Site "Chess.com INT"]
[Date "2024.01.09"]
[Round "3"]
[White "Llorente Zaro, Alfonso"]
[Black "Pujari, Rucha"]
[Result "1-0"]
[WhiteElo "2433"]
[BlackElo "2181"]
[PlyCount "61"]
[EventDate "2024.01.09"]
[EventType "swiss (blitz)"]
[EventRounds "11"]
[EventCountry "USA"]
[SourceTitle "CB03_2024"]
[SourceDate "2024.01.17"]
[SourceVersion "1"]
[SourceVersionDate "2024.01.17"]
[SourceQuality "1"]

1. e4 e5 2. Nf3 Nc6 3. Nc3 Nf6 4. h3 Be7 5. d4 exd4 6. Nxd4 0-0 7. Be3 Bb4 8. Bd3 Re8 9. Nxc6 bxc6 10. 0-0 Bxc3 11. bxc3 Nxe4 12. Qh5 d5 13. Rfe1 g6 14. Qf3 Nxc3 15. Bh6 Bd7 16. Bxg6 fxg6 17. Qxc3 Re7 18. Rxe7 Qxe7 19. Re1 Qf7 20. Re3 Re8 21. Rf3 Qe7 22. Re3 Qf7 23. Rf3 Qe7 24. Kh2 Bf5 25. Re3 Qd6+ 26. Kg1 Re7 27. Bf4 Rxe3 28. Qxe3 Qe6 29. Qxa7 Qe1+ 30. Kh2 Qe4 31. Qb8+ 1-0

[Event "Titled Tuesday intern op 09th Jan Early"]
[Site "Chess.com INT"]
[Date "2024.01.09"]
[Round "2"]
[White "Spichkin, Alexander"]
[Black "Llorente Zaro, Alfonso"]
[Result "0-1"]
[WhiteElo "2035"]
[BlackElo "2433"]
[PlyCount "114"]
[EventDate "2024.01.09"]
[EventType "swiss (blitz)"]
[EventRounds "11"]
[EventCountry "USA"]
[SourceTitle "CB03_2024"]
[SourceDate "2024.01.17"]
[SourceVersion "1"]
[SourceVersionDate "2024.01.17"]
[SourceQuality "1"]

1. f4 d5 2. Nf3 g6 3. e3 Bg7 4. Be2 Nh6 5. 0-0 c5 6. d3 Nc6 7. c3 0-0 8. Qe1 b5 9. e4 b4 10. Qh4 Ba6 11. f5 dxe4 12. Bxh6 exf3 13. Bxf3 Qxd3 14. Nd2 Rad8 15. Ne4 Ne5 16. Ng5 Qe3+ 17. Kh1 f6 18. Rfe1 fxg5 19. Bxg5 Nxf3 20. Rxe3 Nxh4 21. Bxh4 bxc3 22. bxc3 Rxf5 23. Bxe7 Re8 24. Bxc5 Rxe3 25. Bxe3 Bxc3 26. Rc1 Rf1+ 27. Rxf1 Bxf1 28. Bxa7 Bb4 29. Bb6 Bb5 30. h3 Ba3 31. g4 Bc4 32. Kg2 Bxa2 33. Kf3 Bd5+ 34. Kf4 Bd6+ 35. Ke3 Bg3 36. Bd8 Kf7 37. Kd4 Bg2 38. h4 Bf3 39. g5 Bxh4 40. Ke3 Bc6 41. Kf4 h6 42. Kg4 Bxg5 43. Bc7 Bd7+ 44. Kg3 h5 45. Bd6 Bf6 46. Kf4 Ke6 47. Bc7 g5+ 48. Kf3 Bc6+ 49. Kf2 Kf5 50. Bb6 h4 51. Kg1 g4 52. Kh2 g3+ 53. Kh3 Kg5 54. Bc7 Bd7+ 55. Kg2 Kg4 56. Kh1 Bd4 57. Bd6 Bc6# 0-1

[Event "Titled Tuesday intern op 14th Nov Early"]
[Site "Chess.com INT"]
[Date "2023.11.14"]
[Round "11"]
[White "Goncharov, Vladimir"]
[Black "Llorente Zaro, Alfonso"]
[Result "0-1"]
[WhiteElo "2077"]
[BlackElo "2433"]
[PlyCount "66"]
[EventDate "2023.11.14"]
[EventType "swiss (blitz)"]
[EventRounds "11"]
[EventCountry "USA"]
[SourceTitle "CB47_2023"]
[SourceDate "2023.11.22"]
[SourceVersion "1"]
[SourceVersionDate "2023.11.22"]
[SourceQuality "1"]

1. d4 b5 2. a4 b4 3. e4 Bb7 4. Bd3 e6 5. Qe2 Nf6 6. Nf3 d5 7. e5 Nfd7 8. 0-0 c5 9. c4 dxc4 10. Bxc4 cxd4 11. Nxd4 Nc6 12. Nf3 Qc7 13. Bf4 Be7 14. Nbd2 Nc5 15. b3 0-0 16. Rac1 Rfd8 17. Qe3 Qb6 18. Bg5 Bxg5 19. Nxg5 h6 20. Ngf3 Nd3 21. Qxb6 axb6 22. Bxd3 Rxd3 23. Rc4 Rad8 24. Ne4 Rxb3 25. Nd6 Ba8 26. Nb5 Rxf3 27. gxf3 Nxe5 28. Rf4 Nxf3+ 29. Rxf3 Bxf3 30. h3 Rd1 31. Rxd1 Bxd1 32. Kf1 Bxa4 33. Nd4 b3 0-1

[Event "Titled Tuesday intern op 24th Oct Late"]
[Site "Chess.com INT"]
[Date "2023.10.24"]
[Round "2"]
[White "Kochiev, Ivan"]
[Black "Llorente Zaro, Alfonso"]
[Result "1-0"]
[WhiteElo "2053"]
[BlackElo "2433"]
[PlyCount "73"]
[EventDate "2023.10.24"]
[EventType "swiss (blitz)"]
[EventRounds "11"]
[EventCountry "USA"]
[SourceTitle "Mega2024 Update 01"]
[Source "Chessbase"]
[SourceDate "2023.11.12"]
[SourceVersion "1"]
[SourceVersionDate "2023.11.12"]
[SourceQuality "1"]

1. e4 c5 2. Nf3 Nc6 3. d4 cxd4 4. Nxd4 e5 5. Nb5 d6 6. c4 Be7 7. N1c3 a6 8. Na3 f5 9. exf5 Bxf5 10. Bd3 Be6 11. 0-0 Nf6 12. Nc2 0-0 13. Bg5 Ng4 14. Bxe7 Nxe7 15. h3 Nf6 16. Ne3 Rc8 17. Qd2 Qb6 18. Rfd1 Nc6 19. Bf5 Bxf5 20. Nxf5 Rcd8 21. b3 g6 22. Qg5 Kh8 23. Nxd6 Qxf2+ 24. Kh1 Nd4 25. Qxe5 Nf3 26. gxf3 Qxf3+ 27. Kg1 Qxh3 28. Nf7+ Rxf7 29. Rxd8+ Kg7 30. Nd5 Qg4+ 31. Kf2 Qh4+ 32. Ke2 Qg4+ 33. Kd2 Qg2+ 34. Kc3 Kh6 35. Nxf6 Qf3+ 36. Kb4 Rxf6 37. Rh1+ 1-0

[Event "Titled Tuesday intern op 24th Oct Late"]
[Site "Chess.com INT"]
[Date "2023.10.24"]
[Round "1"]
[White "Llorente Zaro, Alfonso"]
[Black "Bouget, Alexandre"]
[Result "1-0"]
[WhiteElo "2433"]
[BlackElo "2237"]
[PlyCount "103"]
[EventDate "2023.10.24"]
[EventType "swiss (blitz)"]
[EventRounds "11"]
[EventCountry "USA"]
[SourceTitle "Mega2024 Update 01"]
[Source "Chessbase"]
[SourceDate "2023.11.12"]
[SourceVersion "1"]
[SourceVersionDate "2023.11.12"]
[SourceQuality "1"]

1. e4 g6 2. d4 Bg7 3. c3 d6 4. Bd3 a6 5. Nf3 b5 6. a4 bxa4 7. Qxa4+ Nd7 8. 0-0 Bb7 9. Re1 e5 10. Nbd2 Ne7 11. Nc4 0-0 12. Na5 Bc8 13. h3 Nb6 14. Qc2 c5 15. dxc5 dxc5 16. Be3 Qc7 17. Nd2 Be6 18. Ndc4 Nxc4 19. Bxc4 Nc6 20. Bxe6 Nxa5 21. Bd5 Rab8 22. Qa4 Nb7 23. Qxa6 Nd6 24. Re2 Kh8 25. Qa5 Qxa5 26. Rxa5 c4 27. Bc5 Rfd8 28. Bxd6 Rxd6 29. Bxf7 Rd1+ 30. Kh2 Rb1 31. Bxc4 Bh6 32. b3 Rc1 33. g3 Rxc3 34. Rxe5 Bg7 35. Rd5 h5 36. h4 Re8 37. e5 Rf3 38. Kg2 Rf5 39. f4 Rf7 40. Rd6 Rc7 41. Rxg6 Kh7 42. Rg5 Kh6 43. Bd3 Re6 44. Rc2 Rb7 45. Bc4 Rg6 46. Be2 Rxg5 47. hxg5+ Kg6 48. Bd3+ Kf7 49. Bc4+ Kg6 50. Bd3+ Kf7 51. Rc8 Ke7 52. Bc4 1-0

[Event "Titled Tuesday intern op 05th Sep Late"]
[Site "Chess.com INT"]
[Date "2023.09.05"]
[Round "1"]
[White "Castella Garcia, Fausto"]
[Black "Llorente Zaro, Alfonso"]
[Result "1/2-1/2"]
[WhiteElo "2320"]
[BlackElo "2436"]
[PlyCount "130"]
[EventDate "2023.09.05"]
[EventType "swiss (blitz)"]
[EventRounds "11"]
[EventCountry "USA"]
[SourceTitle "EXT 2024"]
[Source "ChessBase"]
[SourceDate "2023.10.10"]
[SourceVersion "1"]
[SourceVersionDate "2023.10.10"]
[SourceQuality "1"]

1. e4 c5 2. Nf3 Nc6 3. Bb5 Nf6 4. Nc3 g6 5. e5 Ng4 6. Bxc6 dxc6 7. h3 Nh6 8. g4 Bg7 9. d3 0-0 10. Bf4 f6 11. Qd2 Nf7 12. 0-0-0 Be6 13. Kb1 Bd5 14. Nxd5 Qxd5 15. exf6 exf6 16. Qe2 Rae8 17. Be3 f5 18. gxf5 Qxf5 19. Nd2 Qf6 20. c3 Nd6 21. Qg4 b6 22. Ne4 Nxe4 23. dxe4 Qf3 24. Qxf3 Rxf3 25. Rd7 Rf7 26. Rxf7 Kxf7 27. f3 Ke6 28. Rd1 Rf8 29. Rf1 c4 30. Kc2 Ke7 31. Kd2 Ra8 32. Ke2 b5 33. Bc5+ Ke8 34. f4 a5 35. e5 Rd8 36. Kf3 Kf7 37. Ke4 Rd2 38. Rf2 Rxf2 39. Bxf2 Ke6 40. Bb6 a4 41. Be3 Bf8 42. Bf2 a3 43. bxa3 Bxa3 44. Kd4 Be7 45. a4 bxa4 46. Kxc4 a3 47. Kb3 Kd5 48. Be3 Ke4 49. Bc1 h6 50. Bxa3 c5 51. Kc4 Kxf4 52. Bxc5 Bxc5 53. Kxc5 Kxe5 54. Kb5 g5 55. c4 Kd6 56. Kb6 Kd7 57. Kb7 Kd6 58. Kb6 Kd7 59. c5 Kc8 60. Kc6 h5 61. Kd5 g4 62. hxg4 hxg4 63. Ke4 Kc7 64. Kf4 Kc6 65. Kxg4 Kxc5 1/2-1/2

[Event "Titled Tuesday intern op 29th Aug Late"]
[Site "Chess.com INT"]
[Date "2023.08.29"]
[Round "5"]
[White "Dardha, Arben"]
[Black "Llorente Zaro, Alfonso"]
[Result "0-1"]
[WhiteElo "2260"]
[BlackElo "2436"]
[PlyCount "132"]
[EventDate "2023.08.29"]
[EventType "swiss (blitz)"]
[EventRounds "11"]
[EventCountry "USA"]
[SourceTitle "EXT 2024"]
[Source "ChessBase"]
[SourceDate "2023.10.10"]
[SourceVersion "1"]
[SourceVersionDate "2023.10.10"]
[SourceQuality "1"]

1. e3 d5 2. d4 Nf6 3. Nf3 c5 4. b3 Bg4 5. h3 Bxf3 6. Qxf3 cxd4 7. exd4 e6 8. Bb2 Nc6 9. Nd2 Rc8 10. a3 Qb6 11. Qe3 g6 12. Bd3 Bg7 13. 0-0 0-0 14. Nf3 Nd7 15. Rac1 a5 16. h4 a4 17. b4 Nf6 18. Qf4 Qc7 19. Ne5 h5 20. Rfe1 Nd7 21. Qg3 Ncxe5 22. dxe5 Nb6 23. Qg5 Qd8 24. Qf4 Kh7 25. Qf3 Kg8 26. g3 Nc4 27. Bd4 Nxa3 28. Bxg6 fxg6 29. Qxa3 b5 30. Qd3 Qe8 31. Bc5 Rf5 32. Re3 Rc7 33. g4 hxg4 34. Rg3 Rf4 35. Qe2 Re4 36. Qd1 Bxe5 37. Rxg4 Qf7 38. Rxe4 dxe4 39. Qg4 Qf5 40. Qg2 Rf7 41. Rd1 Kh7 42. Rd8 Qf3 43. Qg5 Qf5 44. Qg2 Qf3 45. Qg5 Qf4 46. Qg2 Qxh4 47. Be3 Qxd8 48. Qh3+ Kg8 49. Qh6 Qf6 50. Bc5 Qf5 51. Be3 Bg7 52. Qh2 a3 53. Qb8+ Rf8 54. Qa7 Qg4+ 55. Kf1 Qd1+ 56. Kg2 Qf3+ 57. Kf1 Qxe3 58. Qxe3 a2 59. Qb3 a1Q+ 60. Ke2 Qe5 61. Qh3 Qf5 62. Kd1 Qxh3 63. Kc1 Qf3 64. Kb1 Qxf2 65. Ka2 Qxc2+ 66. Ka3 Qb2# 0-1

[Event "Titled Tuesday intern op 29th Aug Late"]
[Site "Chess.com INT"]
[Date "2023.08.29"]
[Round "4"]
[White "Santos Flores, Alberto Javier"]
[Black "Llorente Zaro, Alfonso"]
[Result "1/2-1/2"]
[WhiteElo "2200"]
[BlackElo "2436"]
[PlyCount "92"]
[EventDate "2023.08.29"]
[EventType "swiss (blitz)"]
[EventRounds "11"]
[EventCountry "USA"]
[SourceTitle "EXT 2024"]
[Source "ChessBase"]
[SourceDate "2023.10.10"]
[SourceVersion "1"]
[SourceVersionDate "2023.10.10"]
[SourceQuality "1"]

1. e4 c5 2. Nf3 Nc6 3. Nc3 e5 4. Bc4 d6 5. d3 Be7 6. Nd2 Bg5 7. Nf1 Bxc1 8. Qxc1 Nf6 9. Ne3 0-0 10. 0-0 Be6 11. Ncd5 Nd7 12. f4 exf4 13. Nxf4 Bxc4 14. Nxc4 Nde5 15. Nxe5 Nxe5 16. Nd5 Nc6 17. c3 Ne7 18. Qg5 Nxd5 19. Qxd5 Qe7 20. Rf5 Rab8 21. Raf1 Qe6 22. Qxe6 fxe6 23. Rxf8+ Rxf8 24. Rxf8+ Kxf8 25. Kf2 Ke7 26. Ke3 Kf6 27. d4 cxd4+ 28. cxd4 Ke7 29. Kf4 Kf6 30. h4 e5+ 31. dxe5+ dxe5+ 32. Kg4 g6 33. Kf3 Ke6 34. Kg4 Kf6 35. Kf3 h5 36. Ke3 Ke6 37. Kd3 Kd6 38. Kc4 Kc6 39. a4 b6 40. b4 a6 41. b5+ axb5+ 42. axb5+ Kd6 43. Kb4 Ke6 44. Kc4 Kd6 45. Kb4 Ke6 46. Kc4 Kd6 1/2-1/2

[Event "Titled Tuesday intern op 18th Jul Late"]
[Site "Chess.com INT"]
[Date "2023.07.18"]
[Round "2"]
[White "Hnydiuk, Aleksander"]
[Black "Llorente Zaro, Alfonso"]
[Result "0-1"]
[WhiteElo "2361"]
[BlackElo "2436"]
[PlyCount "46"]
[EventDate "2023.07.18"]
[EventType "swiss (blitz)"]
[EventRounds "11"]
[EventCountry "USA"]
[SourceTitle "EXT 2024"]
[Source "ChessBase"]
[SourceDate "2023.10.10"]
[SourceVersion "1"]
[SourceVersionDate "2023.10.10"]
[SourceQuality "1"]

1. e4 d6 2. d4 Nf6 3. Nc3 e5 4. Nf3 Nbd7 5. g4 g6 6. g5 Nh5 7. Be3 c6 8. Qd2 Be7 9. 0-0-0 b5 10. Ne2 Nb6 11. Ng3 Bg4 12. Be2 Nc4 13. Qc3 Nxe3 14. fxe3 0-0 15. dxe5 Qc7 16. exd6 Bxd6 17. e5 Nxg3 18. hxg3 Be7 19. Nd4 Bxe2 20. Nxe2 Bxg5 21. Nd4 Qxe5 22. Qxc6 Bxe3+ 23. Kb1 Bxd4 0-1

[Event "Titled Tuesday intern op 18th Jul Late"]
[Site "Chess.com INT"]
[Date "2023.07.18"]
[Round "5"]
[White "Llorente Zaro, Alfonso"]
[Black "Duda, Jan Krzysztof"]
[Result "0-1"]
[WhiteElo "2436"]
[BlackElo "2732"]
[PlyCount "82"]
[EventDate "2023.07.18"]
[EventType "swiss (blitz)"]
[EventRounds "11"]
[EventCountry "USA"]
[SourceTitle "EXT 2024"]
[Source "ChessBase"]
[SourceDate "2023.10.10"]
[SourceVersion "1"]
[SourceVersionDate "2023.10.10"]
[SourceQuality "1"]

1. d4 f5 2. Nf3 Nf6 3. c4 g6 4. g3 Bg7 5. Bg2 0-0 6. Nc3 d6 7. d5 a5 8. 0-0 Na6 9. Be3 Bd7 10. Rc1 Qe8 11. Qc2 h6 12. Nd4 Ng4 13. Qd2 Nc5 14. Ncb5 Qc8 15. Ne6 Nxe3 16. Qxe3 Bxe6 17. dxe6 c6 18. Nd4 a4 19. Rfd1 Kh7 20. Rc2 Bxd4 21. Qxd4 Qxe6 22. e3 Qf6 23. h4 Kg7 24. Rcd2 g5 25. Re2 Ne6 26. hxg5 hxg5 27. Qxf6+ Kxf6 28. f4 Nc5 29. Kf2 Rh8 30. Rh1 Nd3+ 31. Kg1 Rxh1+ 32. Bxh1 Nc1 33. Rh2 gxf4 34. gxf4 Nxa2 35. Rh6+ Kg7 36. Re6 Kf7 37. Rh6 Nb4 38. Bf3 Nd3 39. Bh5+ Kg7 40. Re6 Nxb2 41. Rxe7+ Kh6 0-1

[Event "Titled Tuesday intern op 11th Jul Early"]
[Site "Chess.com INT"]
[Date "2023.07.11"]
[Round "2"]
[White "Lisenkov, Svyatoslav"]
[Black "Llorente Zaro, Alfonso"]
[Result "1-0"]
[WhiteElo "2137"]
[BlackElo "2436"]
[PlyCount "169"]
[EventDate "2023.07.11"]
[EventType "swiss (blitz)"]
[EventRounds "11"]
[EventCountry "USA"]
[SourceTitle "EXT 2024"]
[Source "ChessBase"]
[SourceDate "2023.10.10"]
[SourceVersion "1"]
[SourceVersionDate "2023.10.10"]
[SourceQuality "1"]

1. e4 c5 2. Nf3 Nc6 3. Bb5 Na5 4. 0-0 a6 5. Be2 e6 6. c3 Nf6 7. e5 Nd5 8. d4 cxd4 9. cxd4 b5 10. Nc3 Bb7 11. Bg5 Qb6 12. a3 Rc8 13. Rc1 Nxc3 14. Rxc3 Rxc3 15. bxc3 Bxa3 16. Qa1 Be7 17. Bxe7 Kxe7 18. Qa3+ Ke8 19. Rb1 Bxf3 20. Bxf3 Nc4 21. Qb4 Nd2 22. Ra1 Nxf3+ 23. gxf3 Kd8 24. c4 Kc7 25. cxb5 axb5 26. Rc1+ Kb7 27. Rc5 Ka6 28. Qa3+ Kb7 29. Qb4 Ka6 30. Qa3+ Qa5 31. Qb2 Rb8 32. Rc1 Kb7 33. Rc5 Ka6 34. Rc1 Qb6 35. Qa3+ Kb7 36. Qe7 Qxd4 37. Rb1 Kb6 38. Qxf7 Rc8 39. Qe7 h5 40. Qa3 h4 41. Ra1 Kc7 42. Qa5+ Kb7 43. Qa6+ Kb8 44. Qa8+ Kc7 45. Rc1+ Qc4 46. Rxc4+ bxc4 47. Qa5+ Kb7 48. Qb4+ Ka8 49. Qa4+ Kb8 50. Qb5+ Ka8 51. Qa5+ Kb8 52. Qc3 g5 53. Kf1 Rc5 54. Ke2 Kc7 55. Ke3 Kc6 56. Ke4 Kb5 57. Qb2+ Kc6 58. Kd4 c3 59. Qc2 Kb5 60. Qb3+ Kc6 61. Qa4+ Kb6 62. Qb4+ Rb5 63. Qd6+ Kb7 64. Kxc3 Rd5 65. Qb4+ Kc6 66. Qe4 Kc5 67. Qc4+ Kb6 68. Qb4+ Kc6 69. f4 g4 70. Qa4+ Kb6 71. Qb4+ Kc6 72. Qe4 Kc5 73. Qg2 g3 74. fxg3 hxg3 75. Qxg3 Kc6 76. h4 d6 77. exd6 Kxd6 78. f5+ Ke7 79. fxe6 Kxe6 80. Qg6+ Ke7 81. h5 Rd6 82. Qg7+ Ke6 83. Qg6+ Ke7 84. Qxd6+ Kxd6 85. h6 1-0

[Event "Titled Tuesday intern op 11th Jul Late"]
[Site "Chess.com INT"]
[Date "2023.07.11"]
[Round "2"]
[White "Rangel, Daniel"]
[Black "Llorente Zaro, Alfonso"]
[Result "1-0"]
[WhiteElo "2199"]
[BlackElo "2436"]
[PlyCount "67"]
[EventDate "2023.07.11"]
[EventType "swiss (blitz)"]
[EventRounds "11"]
[EventCountry "USA"]
[SourceTitle "EXT 2024"]
[Source "ChessBase"]
[SourceDate "2023.10.10"]
[SourceVersion "1"]
[SourceVersionDate "2023.10.10"]
[SourceQuality "1"]

1. c4 e6 2. g3 d5 3. Bg2 Nf6 4. Nf3 Be7 5. 0-0 0-0 6. b3 a5 7. Ba3 a4 8. Bxe7 Qxe7 9. Nc3 axb3 10. axb3 Rxa1 11. Qxa1 Nc6 12. d4 Qb4 13. cxd5 exd5 14. e3 Bf5 15. Qb2 Ra8 16. Ne5 Ne7 17. Ra1 Rxa1+ 18. Qxa1 Qxb3 19. h3 h6 20. Qa8+ Nc8 21. Qa1 Nb6 22. Ne2 Be4 23. Qa7 Qd1+ 24. Bf1 Nc4 25. Qb8+ Kh7 26. Nxf7 Bd3 27. Qh8+ Kg6 28. Nf4+ Kf5 29. Nxd3 Nd2 30. Nxh6+ gxh6 31. g4+ Ke6 32. Qc8+ Kd6 33. Qf8+ Ke6 34. Nc5# 1-0

[Event "Titled Tuesday intern op 18th Apr Late"]
[Site "Chess.com INT"]
[Date "2023.04.18"]
[Round "4"]
[White "Llorente Zaro, Alfonso"]
[Black "Al Hosani, Omran"]
[Result "1-0"]
[WhiteElo "2441"]
[BlackElo "2270"]
[PlyCount "97"]
[EventDate "2023.04.18"]
[EventType "swiss (blitz)"]
[EventRounds "11"]
[EventCountry "USA"]
[SourceTitle "EXT 2024"]
[Source "ChessBase"]
[SourceDate "2023.10.10"]
[SourceVersion "1"]
[SourceVersionDate "2023.10.10"]
[SourceQuality "1"]

1. e4 c6 2. Nf3 d5 3. d3 Nd7 4. g3 e5 5. Bg2 Ngf6 6. Qe2 Bd6 7. 0-0 0-0 8. b3 Re8 9. Nbd2 Nf8 10. Bb2 Ng6 11. h3 h6 12. a3 a5 13. c4 d4 14. Ne1 Be6 15. Nc2 Qd7 16. b4 Bxh3 17. c5 Bc7 18. Nc4 h5 19. Kh2 Be6 20. Nd2 h4 21. Nf3 h3 22. Bh1 Ng4+ 23. Kg1 f6 24. Nh2 Nxh2 25. Kxh2 b6 26. cxb6 Bxb6 27. Bf3 c5 28. Bh5 Bf7 29. bxc5 Bxc5 30. a4 Reb8 31. Ba3 Rc8 32. Qg4 Nf8 33. Bxf7+ Kxf7 34. Qh5+ Kg8 35. Bxc5 Rxc5 36. Ne1 Rac8 37. Nf3 Rc3 38. Rfd1 Rb8 39. Nh4 Rb2 40. Qf3 Ne6 41. Qf5 Nc5 42. Qf3 Rbb3 43. Rab1 Nxa4 44. Rxb3 Rxb3 45. Ra1 Rb2 46. Nf5 g6 47. Qg4 Kf8 48. Qxg6 Rb6 49. Rxa4 1-0

[Event "Titled Tuesday intern op 18th Apr Late"]
[Site "Chess.com INT"]
[Date "2023.04.18"]
[Round "5"]
[White "Llorente Zaro, Alfonso"]
[Black "Lizak, Peter"]
[Result "1/2-1/2"]
[WhiteElo "2441"]
[BlackElo "2411"]
[PlyCount "103"]
[EventDate "2023.04.18"]
[EventType "swiss (blitz)"]
[EventRounds "11"]
[EventCountry "USA"]
[SourceTitle "EXT 2024"]
[Source "ChessBase"]
[SourceDate "2023.10.10"]
[SourceVersion "1"]
[SourceVersionDate "2023.10.10"]
[SourceQuality "1"]

1. e4 c6 2. Nf3 d5 3. d3 dxe4 4. dxe4 Qxd1+ 5. Kxd1 Bg4 6. Nbd2 Nd7 7. c3 Ne5 8. Be2 Nxf3 9. Bxf3 Bxf3+ 10. Nxf3 e6 11. Be3 Nf6 12. e5 Ng4 13. Ke2 Nxe3 14. Kxe3 Bc5+ 15. Ke2 0-0-0 16. Rhd1 h6 17. Nd2 Rd5 18. f4 Rhd8 19. Ne4 Be7 20. g3 b5 21. Rd2 a5 22. Rad1 a4 23. b3 axb3 24. axb3 Kb7 25. c4 bxc4 26. bxc4 Rxd2+ 27. Rxd2 Rxd2+ 28. Kxd2 Kb6 29. Kd3 f5 30. exf6 gxf6 31. g4 Kc7 32. f5 exf5 33. gxf5 Bd6 34. Nxf6 Bxh2 35. Ng4 Bf4 36. Ke4 Bg5 37. f6 Kd6 38. Kf5 Bxf6 39. Kxf6 Kc5 40. Ne5 h5 41. Kf5 Kd4 42. Ke6 h4 43. Kd6 c5 44. Nf3+ Kxc4 45. Nxh4 Kb4 46. Nf3 c4 47. Nd4 c3 48. Nc2+ Kc4 49. Ne3+ Kd3 50. Nd5 c2 51. Nb4+ Kc3 52. Nxc2 1/2-1/2

[Event "Titled Tuesday intern op 18th Apr Late"]
[Site "Chess.com INT"]
[Date "2023.04.18"]
[Round "7"]
[White "Llorente Zaro, Alfonso"]
[Black "Svane, Rasmus"]
[Result "1-0"]
[WhiteElo "2441"]
[BlackElo "2621"]
[PlyCount "157"]
[EventDate "2023.04.18"]
[EventType "swiss (blitz)"]
[EventRounds "11"]
[EventCountry "USA"]
[SourceTitle "EXT 2024"]
[Source "ChessBase"]
[SourceDate "2023.10.10"]
[SourceVersion "1"]
[SourceVersionDate "2023.10.10"]
[SourceQuality "1"]

1. e4 c6 2. Nf3 d5 3. d3 dxe4 4. dxe4 Qxd1+ 5. Kxd1 Nf6 6. Nfd2 g5 7. c3 h5 8. Bd3 Nbd7 9. Bc2 Ne5 10. Na3 Be6 11. Ke2 h4 12. Bb3 Bg4+ 13. f3 Bh5 14. Ndc4 Nxc4 15. Nxc4 Nxe4 16. Be3 Nd6 17. Nxd6+ exd6 18. Bxg5 Rg8 19. Bxh4 Rxg2+ 20. Bf2 Kd7 21. Rag1 Re8+ 22. Kf1 Rxg1+ 23. Rxg1 d5 24. Bd1 a5 25. a3 Bd6 26. Bg3 Be7 27. Kg2 b5 28. Re1 Rg8 29. Bc2 Bd6 30. Bf5+ Kd8 31. Kf2 Bc5+ 32. Kg2 b4 33. axb4 axb4 34. Ra1 Ke7 35. Ra6 bxc3 36. bxc3 Kf6 37. Rxc6+ Kxf5 38. Rxc5 Ke6 39. Rc6+ Kf5 40. Rd6 Rc8 41. Rxd5+ Kg6 42. Rd6+ Kf5 43. Rd5+ Kg6 44. Be5 Kh7 45. Bd4 Bg6 46. Kg3 Ra8 47. Kf4 Ra2 48. Rd8 Bd3 49. h4 Rh2 50. Kg3 Rh1 51. Kg2 Re1 52. Bf2 Rc1 53. Rxd3 Kg6 54. Kg3 Kf5 55. Rd5+ Ke6 56. Rd3 Ke5 57. Re3+ Kd5 58. Be1 f5 59. Kf4 Kd6 60. Bg3 Kd7 61. Kxf5 Rc2 62. Bf4 Rc1 63. h5 Rh1 64. h6 Rg1 65. Bg5 Rh1 66. Kg6 Kc6 67. h7 Rd1 68. Bf6 Rd7 69. h8Q Rc7 70. Qe8+ Kb7 71. Re7 Kb6 72. Rxc7 Ka5 73. Qe5+ Ka6 74. Qd6+ Kb5 75. Qd5+ Ka4 76. Qc4+ Ka3 77. Ra7+ Kb2 78. Ra2+ Kc1 79. Qf1# 1-0

[Event "Aragon-chT Honor Titulo"]
[Site "Aragon"]
[Date "2023.03.25"]
[Round "9.2"]
[White "Llorente Zaro, Alfonso"]
[Black "Glavina, Pablo"]
[Result "0-1"]
[WhiteElo "2441"]
[BlackElo "2408"]
[PlyCount "132"]
[EventDate "2023.03.18"]
[EventType "team-tourn"]
[EventRounds "10"]
[EventCountry "ESP"]
[SourceTitle "EXT 2024"]
[Source "ChessBase"]
[SourceDate "2023.10.10"]
[SourceVersion "1"]
[SourceVersionDate "2023.10.10"]
[SourceQuality "1"]
[WhiteTeam "Jaime Casas"]
[BlackTeam "Casablanca MyInvestor"]
[WhiteTeamCountry "ESP"]
[BlackTeamCountry "ESP"]

1. e4 e5 2. Nf3 Nc6 3. c3 d5 4. d3 Nf6 5. Nbd2 g6 6. b4 Bg7 7. b5 Ne7 8. c4 0-0 9. cxd5 Nfxd5 10. Bb2 Nf4 11. Nc4 a6 12. g3 axb5 13. gxf4 bxc4 14. Nxe5 c3 15. Bxc3 Nc6 16. Bg2 Nxe5 17. Bxe5 Bxe5 18. fxe5 Ra3 19. 0-0 Rxd3 20. Qc2 Rd2 21. Qc3 Rd3 22. Qc2 c6 23. Rad1 Rxd1 24. Rxd1 Qg5 25. Qc3 Be6 26. a4 Ra8 27. a5 h5 28. Rd3 h4 29. h3 c5 30. Qxc5 Rc8 31. Qe3 Qxe5 32. Qd2 Qc7 33. Qg5 Qc1+ 34. Qxc1 Rxc1+ 35. Kh2 Rc5 36. Rd8+ Kg7 37. Rb8 Rb5 38. Bf1 Rb3 39. a6 bxa6 40. Rxb3 Bxb3 41. Bxa6 Kf6 42. f3 Ke5 43. Kg2 Kf4 44. Kf2 Bd1 45. e5 Bb3 46. Bd3 Be6 47. Bf1 Bd5 48. Bg2 Bc4 49. Bh1 Kxe5 50. Bg2 Kf4 51. Bh1 Bd5 52. Bg2 g5 53. Bh1 f6 54. Bg2 f5 55. Bh1 g4 56. hxg4 fxg4 57. Bg2 Bxf3 58. Bf1 g3+ 59. Kg1 Kg4 60. Bg2 Bxg2 61. Kxg2 Kf4 62. Kg1 h3 63. Kf1 h2 64. Kg2 h1Q+ 65. Kxh1 Kf3 66. Kg1 g2 0-1